书目信息 |
| 题名: |
机械原理
|
|
| 作者: | 南京工学院机械原理及机械零件教研组 编 | |
| 分册: | ||
| 出版信息: | 人民出版社 北京 |
|
| 页数: | 509页 | |
| 开本: | 32开 | |
| 丛书名: | ||
| 单 册: | ||
| 中图分类: | TH111-43 | |
| 科图分类: | ||
| 主题词: | 机构学 | |
| 电子资源: | ||
| ISBN: | ||
| 000 | 00605nam0 2200193 45 | |
| 001 | 0006191565 | |
| 005 | 20000619155720.1 | |
| 010 | @d2.25元 | |
| 100 | @a20000619d km y0chiy0120 ea | |
| 101 | 0 | @achi |
| 105 | @a z 000yy | |
| 200 | 1 | @a机械原理@AJi Xie Yuan Li@f南京工学院机械原理及机械零件教研组编@FNan Jing Gong Xue Yuan Ji Xie Yuan Li Ji Ji Xie LingJian Jiao Yan Zu Bian |
| 210 | @a人民出版社@c北京 | |
| 215 | @a509页@d32开 | |
| 606 | 0 | @a机构学 |
| 690 | @aTH111-43@v3 | |
| 701 | 0 | @a南京工学院机械原理及机械零件教研组@4编 |
| 801 | @aCN@bPftUser@c20000619 | |
| 905 | @dTH111-43@eH386@b207817@f1 | |
| 机械原理/南京工学院机械原理及机械零件教研组编.-人民出版社:北京 |
| 509页;32开 |
| ISBN :2.25元 |
| ● |
| 相关链接 |
|
|
|
正题名:机械原理
索取号:TH111-43/H386
 
预约/预借
| 序号 | 登录号 | 条形码 | 馆藏地/架位号 | 状态 | 备注 |
| 1 | 207817 | 202078170 | 期刊室512/501自科库 32排1列3层/ [索取号:TH111-43/H386] | 在馆 |